| 000 | 01267nam a22003255a 4500 | ||
|---|---|---|---|
| 001 | vtls000076745 | ||
| 003 | ES-BaIT | ||
| 005 | 20250503073818.0 | ||
| 007 | t| | ||
| 008 | 131009s1857 ||||||||| 00| |spa|d | ||
| 010 | _a76745 | ||
| 035 | _a0076-74560 | ||
| 039 | 9 |
_a202103241046 _bAUTHORITY _c201403080305 _dVLOAD _c201310110207 _dVLOAD _c201310101835 _dVLOAD |
|
| 040 | 0 | 0 |
_aSEDO _bcat |
| 100 | 1 |
_aCamprodón, Francisco, _d1816-1870 _966650 |
|
| 245 | 1 | 3 |
_aEl Lancero / _cFrancesc Camprodon |
| 260 |
_c1857 _aMadrid: _bImp. J. Rodríguez, |
||
| 300 | _c13x20 cm | ||
| 500 | _aZarzuela en 1 acto y en verso; música de J. Gaztambide | ||
| 500 | _aP7: D2, H5 | ||
| 533 | _aReproducció digital disponible a Biblioescènic | ||
| 593 |
_a0110 _b1892 _ctela encarnada. Procedència: Casa García Rico i Cía. Madrid _hArtur Sedó |
||
| 730 | 0 |
_aCol·lecció digital Biblioescènic del MAE _969172 |
|
| 856 | 4 | 2 |
_3Fitxa del catàleg manual _uhttp://www.cdmae.cat/sedo/imgtitulos/038/P0000720.gif |
| 856 | 4 | 1 |
_zAccés lliure (Biblioescènic) _uhttp://books.cdmae.cat/visorpdf/?recurs=SL%201892 |
| 940 | _aIT | ||
| 942 |
_2udc _c1 |
||
| 949 |
_61990619580 _a1892 |
||
| 999 |
_c67950 _d67950 |
||